[Event "Wch U14"]
[Site "Maribor"]
[Date "2012.11.16"]
[Round "9.57"]
[White "Virtanen, Teemu"]
[Black "Abeywickrama, Sachintha"]
[Result "1-0"]
[WhiteElo "1848"]
[BlackElo "1699"]
[PlyCount "75"]
[EventDate "2012.11.08"]
[EventType "swiss"]
[EventRounds "11"]
[EventCountry "SLO"]
[SourceTitle "EXT 2013"]
[Source "ChessBase"]
[SourceDate "2012.11.22"]
[SourceVersion "1"]
[SourceVersionDate "2012.11.22"]
[SourceQuality "1"]

1. e4 c5 2. Nc3 e6 3. g3 b6 4. Bg2 Bb7 5. d3 Nc6 6. f4 Be7 7. Nf3 d5 8. 0-0 dxe4 9. Nxe4 Nf6 10. Qe2 Nd4 11. Nxd4 Qxd4+ 12. Be3 Qd7 13. c3 0-0-0 14. Rfd1 Nxe4 15. dxe4 Qa4 16. b3 Qa6 17. Qc2 Bc6 18. f5 exf5 19. exf5 Bxg2 20. Qxg2 Qb7 21. Qc2 Qf3 22. Bf4 Bf6 23. b4 Bxc3 24. bxc5 bxc5 25. Bd6 Bd4+ 26. Rxd4 Qe3+ 27. Kg2 Qxd4 28. Rd1 Qb4 29. Rb1 Qd4 30. Bf4 Qd5+ 31. Kh3 Qd4 32. Qe2 Qf6 33. Rb8+ Kd7 34. Rb7+ Kc6 35. Qe4+ Rd5 36. Rc7+ Kb6 37. Qxd5 Rd8 38. Qxc5+ 1-0